1977 1011 1610 1023 1467 1225 1019 1213 1439 1741 1626 1398 1297 1711 1702 1707 1840 1252 1349 1925 1728 1861 1290 1933 1039 1669 1969 1984 1094 1528 1876 1473 1954 1164 1002 1118 1238 1476 1052 1259 1080 1757 1996 1314 1435 1886 1077 1025 1084 1332 1278 1817 1429 1046 1701 1573 1233 1831 1071 1319 1988 1817 1564 1095 1032 1736 1878 1829 1846 1789 1180 1328 1692 1644 1305 1270 1168 1358 1930 1381 1881 1273 1671 1064 1977 1062 1214 1571 1550 1671 1178 1147 1027 1078 1959 1920 1578 1597 1294 BCNSPRNW ULIB Ver.6.0+V

เปลี่ยนเป็นภาษาไทย

Change to English
 แสดงรายละเอียดบรรณานุกรม
  กลับหน้าหลัก

Brief Record : Get Marc (ISO 2709) : E-mail record : QR code < ปิดหน้าต่าง
LEADER : 00000nam a2200000Ia 4500
001    13399114835
003     ULIB
008    111230s2554 th a 000 0 tha d
020    ^a9786161107246
050  4 ^aBF575.H27^bป383ค
100 0  ^aประเวช ตันติพิวัฒนสกุล
245 10 ^aคู่มือสร้างสุขระดับจังหวัด :^bยุทธศาสตร์ความสุขฉบับพกพา /^cจัดทำโดย แผนงานสร้างเสริมสุขภาพจิต ; ผู้เขียน ประเวช ตันติพิวัฒนสกุล, เอกอนงค์ สีตลาภินันท์
250    ^aพิมพ์ครั้งที่ 2
260    ^aนนทบุรี :^bกรมสุขภาพจิต กระทรวงสาธารณสุข,^c2554
300    ^a200 หน้า :^bภาพประกอบ ;^c21 ซม.
500    ^aSend to Single Search
536    ^aสนับสนุนโดย สำนักงานสถิติแห่งชาติ สถาบันวิจัยประชากรและสังคม มหาวิทยาลัยมหิดล กรมสุขภาพจิต กระทรวงสาธารณสุข สำนักงานกองทุนสนับสนุนการสร้างเสริมสุขภาพ (สสส.)
650  4 ^aการส่งเสริมสุขภาพจิต^zไทย
650  4 ^aความสุข^zไทย
650  4 ^aสุขภาพจิต^zไทย
650  4 ^aสุขภาวะ^zไทย
700 0  ^aเอกอนงค์ สีตลาภินันท์
710 2  ^aแผนงานสร้างเสริมสุขภาพจิต
710 2  ^aสำนักงานสถิติแห่งชาติ
710 2  ^aมหาวิทยาลัยมหิดล. ^bสถาบันวิจัยประชากรและสังคม
710 2  ^aกระทรวงสาธารณสุข. ^bกรมสุขภาพจิต
710 2  ^aสำนักงานกองทุนสนับสนุนการสร้างเสริมสุขภาพ (สสส.)
945    ^p0^l0^i032011
945    ^p0^l0^i032010
945    ^p0^l0^i032012
945    ^p0^l0^i032013
945    ^p0^l0^i032014
945    ^p0^l0^i032015
945    ^p0^l0^i032016
945    ^p0^l0^i032017
945    ^p0^l0^i032018
945    ^p0^l0^i032019
945    ^p0^l0^i032020
945    ^p0^l0^i032021
945    ^p0^l0^i032022
945    ^p0^l0^i032023
945    ^p0^l0^i032024
995    ^a เกษร
999 ^a ใช้งานได้ทุกระบบ
รายการนี้ยังไม่มีแท็ก
คุณยังไม่ได้ล็อกอิน คุณสามารถมีกิจกรรมร่วมกับเว็บไซต์ได้ แต่ต้องล็อกอินก่อน ::
  ล็อกอิน

รายการสื่อสารสนเทศ

ลำดับที่ ประเภท เลขเรียก/บาร์โค้ด สถานที่ สถานะ
- ไม่พบข้อมูล -

BibComment


ยังไม่เคยถูกคอมเมนท์

คอมเมนท์ทรัพยากรรายการนี้
  คอมเมนท์: คู่มือสร้างสุขระ..


 Copyright 2026. Bcnsprnw @Library